000 00855cam a2200229 4500
001 WB3631-52
008 000000n2000 000 0 eng u
035 _a(Sirsi) u107578
245 _aRoad charging
260 _c2000
490 _aFinancial Times
_v4 August 2000, 4(2)
520 _aGovernment is still reluctant to introduce road charging schemes despite the claims that congestion could be cut by up to 15% on motorways and trunk roads. Singapore has proved that such systems can work and raise a lot of revenue but the UK is concerned that the introduction of toll schemes would trigger a backlash.
590 _aWB
650 _aTRAFFIC CONGESTION
650 _aROAD CHARGING
650 _aTOLLS
650 _aPOLLUTION
650 _aSINGAPORE
650 _aTRANSPORT POLICY
690 _aTRANSPORT AND COMMUNICATIONS
942 _n0
999 _c64287
_d64287